| 000 | 00561nam a22001937a 4500 | ||
|---|---|---|---|
| 003 | 0 | ||
| 005 | 20240416131956.0 | ||
| 008 | 240416b xxu||||| |||| 00| 0 eng d | ||
| 020 | _a978-1-250-16651-9 | ||
| 050 |
_aTR _bMar334 2019 |
||
| 082 |
_aTR _bMar334 2019 |
||
| 245 | _aMarie Curie | ||
| 250 | _aFirst edition. | ||
| 260 |
_aNew York _bRoaring Brook Press _cc2016. |
||
| 300 |
_aunpaged : _bcolored illustration ; _c15cm. |
||
| 600 | _aCurie, Marie--Biography--Juvenile literature. | ||
| 650 | _aChemists -- France -- Biography. | ||
| 942 |
_2ddc _cBK |
||
| 999 |
_c365939 _d365939 |
||